Bilecik Bilecik Bilecik Bilecik Bilecik

İstanbul balık hali'nin pazarlama ve satış durumu/ (Record no. 37657)

MARC details
000 -BAŞLIK
Sabit Uzunluktaki Kontrol Alanı 01037nam a22003137a 4500
001 - KONTROL NUMARASI
Control Dosyası 0037803
003 - KONTROL NUMARASI KİMLİĞİ
Kontrol Alanı KOHA_MİRAKIL
005 - EN SON İŞLEM TARİHİ ve ZAMANI
Kontrol Alanı 20260207003040.0
007 - FİZİKSEL TANIM SABİT ALAN - GENEL BİLGİ
Sabit uzunluklu kontrol alanı ta
008 - SABİT UZUNLUKTAKİ VERİ ÖGELERİ - GENEL BİLGİ
Sabit Alan 120706b2009 tu a|||gr||||#||||0|tur |
020 ## - ISBN - ULUSLARARASI STANDART KİTAP NUMARASI
Isbn 9789944604338
040 ## - KATALOGLAMA KAYNAĞI
Özgün Kataloglama Kurumu TR-BiSEU
Kataloglama Dili tur
Çeviri Kurumu TR-BiSEU
Açıklama Kuralları rda
041 0# - DİL KODU
Metin ya da ses kaydının dil kodu tur
044 ## - YAYINLAYAN/ÜRETEN KURULUŞUN ÜLKE KODU
ISO country code tu
050 ## - SINIFLAMA ve YER NUMARASI
Sınıflama Numarası SH291
Yer Numarası .I88 2009
245 0# - ESER ADI BİLDİRİMİ
Başlık İstanbul balık hali'nin pazarlama ve satış durumu/
Sorumluluk Bildirimi hazırlayan Metin Timur, Kadir Doğan.
264 #1 - ÜRERİM, YAYIN, DAĞITIM ve TELİF BİLDİRİMİ
Yayın yeri İstanbul :
Yayınlayan İstanbul Ticaret Odası
Yayın tarihi 2009
300 ## - FİZİKSEL TANIMLAMA
Sayfa, Cilt vb. 383 sayfa :
Diğer fiziki detaylar res., grf., tbl. ;
Boyutları 19 cm.
336 ## - İÇERİK TÜRÜ
Content type term metin
Content type code txt
Source rdacontent
337 ## - MEDYA TÜRÜ
Media type term aracısız
Media type code n
Source rdamedia
338 ## - TAŞIYICI TÜRÜ
Carrier type term cilt
Carrier type code nc
Source rdacarrier
490 1# - DİZİ BİLDİRİMİ
Dizi Bildirimi İstanbul Ticaret Odası ;
Cilt Numarası yayın no:2009-13
500 ## - GENEL NOT
Genel Not Kütüphanede 2 kopya vardır.
500 ## - GENEL NOT
Genel Not Kaynakça var.
650 #0 - KONU BAŞLIĞI EK GİRİŞ - KONU TERİMİ
Konusal terim veya coğrafi ad Fisheries--Turkey--İstanbul.
9 (RLIN) 70736
650 #0 - KONU BAŞLIĞI EK GİRİŞ - KONU TERİMİ
Konusal terim veya coğrafi ad Balıkçılık--Türkiye--İstanbul.
9 (RLIN) 70737
830 1# - SERİ EK GİRİŞİ - TEKBİÇİM ESER ADI
Tekbiçim Başlık İstanbul Ticaret Odası ;
Volume number/sequential designation yayın no:2009-13
9 (RLIN) 10313
942 ## - EK GİRİŞ ÖGELERİ (KOHA)
Source of classification or shelving scheme Library of Congress Classification
Koha item type Book
Holdings
Materyal Türü Kalıcı Konum Mevcut Konum Raf Yeri Sınıflandırma Kaynağı Edinim Bilgisi Ana Konular Alt Konular Yer Numarası Demirbaş Numarası Fatura Tarihi Geri Çekilme Durumu Kayıp Durumu Hasarlı Durumu Kredi için değil Kayıt Tarih Toplam Ödünçverme Son Görülme Tarihi Son Kontrol Tarihi Genel / Bağış Notu
Book Prof. Dr. Azmi Özcan Kütüphanesi Prof. Dr. Azmi Özcan Kütüphanesi Birûni Salonu Library of Congress Classification Bağış TARIM Su Ürünleri Yetiştiriciliği, Balıkçılık, Olta Balıkçılığı SH291 .I88 2009 0037803 02/02/2026         06/07/2012   05/12/2024 05/12/2024 Genel Bağış